Slovensko-čínske hospodárske vzťahy v kontexte novej štátnej koncepcie ich rozvoja

Súčasný stav slovensko-čínskych hospodárskych vzťahov. Vývoj zahraničného obchodu SR a Číny v rokoch 2010-2015. Štruktúra a hlavné ciele Koncepcie rozvoja hospodárskych vzťahov medzi Slovenskou republikou a Čínskou ľudovou republikou na roky 2017-2020. Hodnotenie Koncepcie rozvoja hospodárskych vzť...

Description complète

Enregistré dans:
Détails bibliographiques
Auteur principal: Dudáš, Tomáš, 1976-
Format: Chapitre de livre
Langue:slovaque
Sujets:
Tags: Ajouter un tag
Pas de tags, Soyez le premier à ajouter un tag!

MARC

LEADER 00000nla a2200000 4500
001 0241477
005 20240502073930.9
041 0 |a slo 
044 |a SK 
245 1 0 |a Slovensko-čínske hospodárske vzťahy v kontexte novej štátnej koncepcie ich rozvoja  |c Tomáš Dudáš 
520 |a Súčasný stav slovensko-čínskych hospodárskych vzťahov. Vývoj zahraničného obchodu SR a Číny v rokoch 2010-2015. Štruktúra a hlavné ciele Koncepcie rozvoja hospodárskych vzťahov medzi Slovenskou republikou a Čínskou ľudovou republikou na roky 2017-2020. Hodnotenie Koncepcie rozvoja hospodárskych vzťahov medzi SR a ČĽR na roky 2017-2020 a nadväzujúceho Akčného plánu. 
610 2 0 |a spolupráca hospodárska medzinárodná 
610 2 0 |a vzťahy medzinárodné 
610 2 0 |a vzťahy hospodárske medzinárodné 
610 2 0 |a politika zahraničná 
610 2 0 |a obchod zahraničný 
610 2 0 |a investície zahraničné 
610 2 0 |a podnikanie 
610 2 0 |a Čína 
610 2 0 |a Slovensko 
100 1 |a Dudáš, Tomáš, 1976-